000 00300nam a22001337a 4500
008 170922b xxu||||| |||| 00| 0 eng d
020 _a0787956864
041 _aeng
080 _a37
100 _a46
101 _aEDU
245 _aBRINGING THE INTERNET TO SCHOOL
_cSCHOFIELD,J.W
942 _2udc
_cBK
999 _c28987
_d28987